000
00202nam a2200097Ia 4500
008
190216s9999||||xx |||||||||||||| ||und||
100
_a
Megamolove
245
0
_a
Ivan
260
_b
Rupa & Co.
942
_c
BK
999
_c
26637
_d
26637